Drapeaux de pays fusionnés - Statistiques

Statistiques générales
  • Ce quiz a été pris 994 fois
  • Le résultat moyen est 20 sur 32
Statistiques - réponses
Drapeaux fusionés Pays % Correct
Canada
100%
France
99%
Afrique du sud
94%
Corée du sud
91%
Macédoine du Nord
87%
Portugal
87%
Etats Unis
85%
Liban
84%
Arabie Saoudite
83%
Bulgarie
83%
Slovaquie
81%
Sri Lanka
79%
Cuba
78%
Vietnam
76%
Angola
73%
Armenie
73%
Chine
71%
Ethiopie
71%
Taiwan
71%
Argentine
69%
Montenegro
62%
Papouasie Nouvelle Guinée
59%
Bolivie
45%
Timor oriental
41%
Iran
22%
Allemagne
21%
turquie
19%
Israel
18%
Laos
17%
Pakistan
17%
Tunisie
17%
Mauritanie
13%
Aucun quiz correspondant
Distribution des résultats
% des personnes avec chaque résultat
Percentile par nombre de réponses
Votre historique - résultats
Vous n’avez pas pris ce quiz